header

The roar of awakening (Record no. 37269)

MARC details
000 -LEADER
fixed length control field 01364nam a2200349 a 4500
245 04 - TITLE STATEMENT
Title The roar of awakening
260 ## - PUBLICATION, DISTRIBUTION, ETC. (IMPRINT)
Place of publication Frankfurt :
Name of publisher Ontos Verlag,
Year of publication 2009.
300 ## - PHYSICAL DESCRIPTION
Number of Pages 251 p.
650 #0 - SUBJECT ADDED ENTRY--TOPICAL TERM
Topical Term Philosophy, Comparative.
Topical Term Process philosophy.
700 1# - ADDED ENTRY--PERSONAL NAME
Personal name Derfer, George.
Personal name Wang, Zhihe.
Personal name Weber, Michel.
856 40 - ELECTRONIC LOCATION AND ACCESS
Uniform Resource Identifier http://site.ebrary.com/lib/rucke/Doc?id=10728654

No items available.

© 2026 Rongo University
Contact us: librarian | system librarian | Rongo university